000
00310nam a2200109 4500
999
_c
9986
_d
9986
008
180725b ||||| |||| 00| 0 eng d
245
_a
UM-Tagum grad ranks livelihood services.
260
_a
Davao City
_b
Sun Star Davao
_c
c2017
300
_a
page 13.
650
0
_9
29483
_a
University of Mindanao.
942
_2
ddc
_c
PER